ბათუმის შოთა რუსთაველის სახელმწიფო უნივერსიტეტის ბიბლიოთეკა

იურიდიული ლექსიკონი გერმანულ-ქართული ქართულ -გერმანული : (ბიბ.ჩანაწერი № 42505)

000 -ლიდერი
ფიქსირებული სიგრძის საკონტროლო ველი 01627nam a2200289Ia 4500
001 - საკონტროლო ნომერი
საკონტროლო ველი 9202
003 - საკონტროლო ნომრის იდენტიფიკატორი
საკონტროლო ველი GE_BSU
005 - ბოლო ოპერაციის თარიღი და დრო
საკონტროლო ველი 20230127105524.0
008 - ფიქსირებული სიგრძის მონაცემთა ელემენტები - ზოგადი ინფორმაცია
ფიქსირებული სიგრძის საკონტროლო ველი 181216sge 2014xx |||||||||||||| ||geo||
020 ## - წიგნის საერთაშორისო სტანდარტული ნომერი
International Standard Book Number 9789941934759
040 ## - კატალოგიზაციის წყარო
Transcribing agency GE_BSU
041 ## - ენის კოდი
Language code of text/sound track or separate title geo
Language code of original and/or intermediate translations of text ger
080 ## - უნივერსალური ათობითი კლასიფიკაციის ინდექსი
Universal Decimal Classification number 34(038)+81'374.26:34=112.2=353.1+81'374.26:34=353.1=112.2 ი-95
245 ## - ცნობა სათაურის შესახებ
Title იურიდიული ლექსიკონი გერმანულ-ქართული ქართულ -გერმანული :
Remainder of title Deutsch-Georgisch Georgisch-Deutsch /
Statement of responsibility, etc გაგა გაბრიჩიძე , ლაშა,კალანდაძე , ნანა მანჯგალაძე და სხვ. რედ: შალვა პაპუაშვილი, ქეთევან ფხაკაძე, ეთერ ჩაჩანიძე.
250 ## - გამოცემის ცნობა
Edition statement მე-2 უცვლელი გამოც.
264 ## - წარმოების, გამოცემის, დისტრიბუციის და სხვა ცნობები
გამოცემის, წარმოების, დისტრიბუციის... ადგილი თბილისი :
გამოცემის, წარმოების, დისტრიბუციის... სახელწოდება [გ.გ.]
გამოცემის, წარმოების, დისტრიბუციის... თარიღი 2014.
300 ## - ფიზიკური აღწერა
Extent 546 გვ.:
Other physical details 20 სმ.
653 ## - INDEX TERM--UNCONTROLLED
Uncontrolled term იურიდიული ლექსიკონი
653 ## - INDEX TERM--UNCONTROLLED
Uncontrolled term სამართალი
700 ## - ADDED ENTRY--PERSONAL NAME
Personal name გაბრიჩიძე, გაგა
9 (RLIN) 5243
700 ## - ADDED ENTRY--PERSONAL NAME
Personal name კალანდაძე, ლაშა
9 (RLIN) 10138
700 ## - ADDED ENTRY--PERSONAL NAME
Personal name მანჯგალაძე, ნანა
9 (RLIN) 16814
700 ## - ADDED ENTRY--PERSONAL NAME
Personal name პაპუაშვილი, შალვა
Relator term რედაქტორი
9 (RLIN) 758
700 ## - ADDED ENTRY--PERSONAL NAME
Personal name ფხაკაძე, ქეთევან
Relator term რედაქტორი
9 (RLIN) 11881
700 ## - ADDED ENTRY--PERSONAL NAME
Personal name ჩაჩანიძე, ეთერ
Relator term რედაქტორი
9 (RLIN) 16815
942 ## - ADDED ENTRY ELEMENTS (KOHA)
Koha item type წიგნი
Source of classification or shelving scheme
ეგზემპლარები
ჩამოწერის სტატუსი დაკარგული ეგზემპლარის სტატუსი კლასიფიკაციის წყარო ან თაროზე გაწყობის სქემა დაზიანების სტატუსი არ გაიცემა მუდმივი მდებარეობა (დაცვის ადგილი) ამჟამინდელი ადგილსამყოფელი თაროზე განთავსების ადგილი შეძენის თარიღი სრული შენახვის შიფრი შტრიხკოდი ბოლო ოპერაციის თარიღი ეგზემპლარის მიმდევრობითი ნომერი (კეტერი?) ფასის ძალაში შესვლის თარიღი ეგზემპლარის სახეობა ღირებულება, შესყიდვის ნორმალური ფასი საჯარო შენიშვნა
          ბათუმის შოთა რუსთაველის სახელმწიფო უნივერსიტეტის მთავარი ბიბლიოთეკა ბათუმის შოთა რუსთაველის სახელმწიფო უნივერსიტეტის მთავარი ბიბლიოთეკა წიგნსაცავი 2018-12-17 34(038)+81'374.26:34=112.2=353.1+81'374.26:34=353.1=112.2 ი-95 32108 2018-12-17 32108 2018-12-17 წიგნი    
          ბათუმის შოთა რუსთაველის სახელმწიფო უნივერსიტეტის მთავარი ბიბლიოთეკა ბათუმის შოთა რუსთაველის სახელმწიფო უნივერსიტეტის მთავარი ბიბლიოთეკა წიგნსაცავი 2018-12-17 34(038)+81'374.26:34=112.2=353.1+81'374.26:34=353.1=112.2 ი-95 32109 2018-12-17 32109 2018-12-17 წიგნი    
          ბათუმის შოთა რუსთაველის სახელმწიფო უნივერსიტეტის მთავარი ბიბლიოთეკა ბათუმის შოთა რუსთაველის სახელმწიფო უნივერსიტეტის მთავარი ბიბლიოთეკა წიგნსაცავი 2018-12-17 34(038)+81'374.26:34=112.2=353.1+81'374.26:34=353.1=112.2 ი-95 32110 2018-12-17 32110 2018-12-17 წიგნი    
          ბათუმის შოთა რუსთაველის სახელმწიფო უნივერსიტეტის მთავარი ბიბლიოთეკა ბათუმის შოთა რუსთაველის სახელმწიფო უნივერსიტეტის მთავარი ბიბლიოთეკა წიგნსაცავი 2018-12-17 34(038)+81'374.26:34=112.2=353.1+81'374.26:34=353.1=112.2 ი-95 32111 2018-12-17 32111 2018-12-17 წიგნი    
          ბათუმის შოთა რუსთაველის სახელმწიფო უნივერსიტეტის მთავარი ბიბლიოთეკა ბათუმის შოთა რუსთაველის სახელმწიფო უნივერსიტეტის მთავარი ბიბლიოთეკა წიგნსაცავი 2018-12-17 34(038)+81'374.26:34=112.2=353.1+81'374.26:34=353.1=112.2 ი-95 32112 2018-12-17 32112 2018-12-17 წიგნი    
          ბათუმის შოთა რუსთაველის სახელმწიფო უნივერსიტეტის მთავარი ბიბლიოთეკა ბათუმის შოთა რუსთაველის სახელმწიფო უნივერსიტეტის მთავარი ბიბლიოთეკა წიგნსაცავი 2023-01-27 34(038)+81'374.26:34=112.2=353.1+81'374.26:34=353.1=112.2 ი-95 63611 2023-01-27 63611 2023-01-27 წიგნი 7.00 7.00
          ბათუმის შოთა რუსთაველის სახელმწიფო უნივერსიტეტის მთავარი ბიბლიოთეკა ბათუმის შოთა რუსთაველის სახელმწიფო უნივერსიტეტის მთავარი ბიბლიოთეკა წიგნსაცავი 2023-02-28 34(038)+81'374.26:34=112.2=353.1+81'374.26:34=353.1=112.2 ი-95 63949 2023-02-28 63949 2023-02-28 წიგნი 10.00 10.00
          ბათუმის შოთა რუსთაველის სახელმწიფო უნივერსიტეტის მთავარი ბიბლიოთეკა ბათუმის შოთა რუსთაველის სახელმწიფო უნივერსიტეტის მთავარი ბიბლიოთეკა წიგნსაცავი 2023-02-28 34(038)+81'374.26:34=112.2=353.1+81'374.26:34=353.1=112.2 ი-95 63950 2023-02-28 63950 2023-02-28 წიგნი 10.00 10.00
          ბათუმის შოთა რუსთაველის სახელმწიფო უნივერსიტეტის მთავარი ბიბლიოთეკა ბათუმის შოთა რუსთაველის სახელმწიფო უნივერსიტეტის მთავარი ბიბლიოთეკა წიგნსაცავი 2023-02-28 34(038)+81'374.26:34=112.2=353.1+81'374.26:34=353.1=112.2 ი-95 63951 2023-02-28 63951 2023-02-28 წიგნი 10.00 10.00